000 00310nam a22001337a 4500
008 190205b xxu||||| |||| 00| 0 eng d
020 _a9780077250331
041 _aeng
080 _23rd
_a721.053
100 _a62
101 _aAUD
245 _aAuditing & Assurance Services
_cLouwers.T.J
942 _2udc
_cBK
999 _c53973
_d53973